000 00415nam a22001697a 4500
003 CEME
005 20210628203441.0
008 210129b xxu||||| |||| 00| 0 eng d
040 _c.
082 _a297 ABD
100 _aAbdul Mustafa Azami
_965535
245 _aBahisht ki kunjian
260 _aLAHORE
_bSHABIR BROTHERS
_c1999
300 _a190P
650 _aISLAM-BAHISHT KI KUNJIAN
_965536
942 _cBK
_2ddc
999 _c573713
_d573713